00522nam a2200157Ia 450000500170000000800410001704100080005808200160006610000190008224500380010126000430013930000090018265000220019199900190021395201320023220250729165722.0250729s2010 xx 000 0 und d aeng a372.25 SAFT aSafaya9231307 aTeacher in Emerging Indian Socity aNewdelhibDanpat Rai Publicationc2010 a690p aEducation9231308 c239216d239216 00104070aALbALd2025-07-29eManagement Booksg175.00l0o372.25 SAFTpBED04535r2025-07-29 16:57:22v175.00w2025-07-29yBK